000 02317cam a22004814i 4500
003 PE-LiUPU
005 20250731183431.0
008 150706s r 000 0 d
020 _a9786124088148
035 _a(Sirsi) i9786124088148
040 _aPE-LiUPU
_bspa
_cPE-LiUPU
_erda
049 _aPRUA
082 0 4 _a720.3
_bB35
_221
100 1 _aBeltrán Centurión, Velia,
_eautor.
245 1 0 _aVademécum arquitectónico /
_cVelia Beltrán Centurión.
264 1 _aLima :
_bFondo Editorial,
_c2011.
300 _apáginación variada :
_bilustraciones color ;
_c24 cm.
336 _atext
_2rdacontent
337 _aunmediated
_2rdamedia
338 _avolume
_2rdacarrier
504 _aIncluye bibliografía.
505 0 _gTomo 1.
_tTerminos Arquitectonicos de la A a la L.
505 0 _gTomo 2.
_tTerminos Arquitectonicos de la M a la Z.
526 _aP158
526 _aP146
526 _aP17
526 _aP12
526 _aP06
541 _g001-003517;
541 _g0020-0000435;
650 0 4 _aArquitectura
_vDiccionarios.
650 0 4 _aArquitectura
_vGlosarios, vocabularios, etc.
910 _agl
_bjv
_cng
_d20120522
942 _2ddc
_cBOOK
949 _a720.3 B35 1
_wDEWEY
_c1
_i64745
_lCCODEBUL1
_mBUL
_p56.00
_r0
_sY
_tBOOK
_u2015-7-6
_xINGENIERIA
_PP06
_o.STAFF. Colección General
949 _a720.3 B35 2
_wDEWEY
_c1
_i64746
_lCCODEBUL1
_mBUL
_p56.00
_r0
_sY
_tBOOK
_u2015-7-6
_xINGENIERIA
_PP06
_o.STAFF. Colección General
994 _aC0
_bPEPRU
596 _a1
999 _a720.3 B35 1
_wDEWEY
_c53448
_i64745
_f2021-11-9
_g7
_lCCODEBUL1
_mBUL
_p56.00
_r0
_sY
_tBOOK
_u2015-7-6
_xINGENIERIA
_PP06
_0COMPRA
_o.STAFF. Colección General
_d53448
999 _a720.3 B35 1
_wDEWEY
_c2
_i72950
_f2021-11-9
_g6
_lCCODEBUL1
_mBUL
_p45.09
_r0
_sY
_tBOOK
_u2016-5-10
_xINGENIERIA
_PP06
_0COMPRA
_o.STAFF. Colección general
999 _a720.3 B35 2
_wDEWEY
_c1
_i64746
_f2021-11-9
_g7
_lCCODEBUL1
_mBUL
_p56.00
_r0
_sY
_tBOOK
_u2015-7-6
_xINGENIERIA
_PP06
_0COMPRA
_o.STAFF. Colección General
999 _a720.3 B35 2
_wDEWEY
_c2
_i72951
_f2021-11-9
_g7
_lCCODEBUL1
_mBUL
_p45.09
_r0
_sY
_tBOOK
_u2016-5-10
_xINGENIERIA
_PP06
_0COMPRA
_o.STAFF. Colección general
980 _81
_gALBERTO SANCHEZ Responsable de Automatización